Mégapoles du monde - Statistiques

Statistiques générales
  • Ce quiz a été pris 326 fois
    262 depuis la dernière actualisation
  • Le résultat moyen est 27 sur 42
Statistiques - réponses
Pays Ville % Correct
Etats-Unis New York
93%
Argentine Buenos Aires
92%
Royaume-Uni Londres
92%
France Paris
92%
Chine Pékin
92%
Japon Tokyo
92%
Inde Delhi
91%
Égypte Le Caire
89%
Russie Moscou
89%
Inde Mumbai
88%
Etats-Unis Los Angeles
87%
Mexique Mexique/ Mexico
87%
Brésil Rio de Janeiro
86%
Corée du Sud Séoul
86%
Chine Shanghai
84%
Thaïlande Bangkok
83%
Turquie Istanbul
83%
Brésil São Paulo
82%
Indonésie Jakarta
81%
Afrique du Sud Johannesburg
76%
Pérou Lima
75%
Colombie Bogotá
74%
Philippines Manilla/ Manille
74%
Iran Téhéran
73%
Nigeria Lagos
71%
Japon Osaka
70%
Bangladesh Dacca
67%
République démocratique du Congo Kinshasa
67%
Pakistan Karachi
51%
Inde Bangalore
43%
Viêt Nam Ho Chi Minh
43%
Pakistan Lahore
41%
Chine Shenzhen
38%
Japon Nagoya
32%
Inde Chennai
27%
Chine Tianjin
24%
Inde Kolkata
22%
Chine Xiamen
22%
Chine Chengdu
21%
Chine Chongqing
21%
Inde Hyderabad
21%
Chine Guangzhou
18%
Aucun quiz correspondant
Distribution des résultats
% des personnes avec chaque résultat
Percentile par nombre de réponses
Votre historique - résultats
Vous n’avez pas pris ce quiz depuis la dernière actualisation